Statistiche per Quiz Cultura Generale - Quiz n°14

Clicka qui per fare il quiz!

Statistiche generali

  • Questo quiz è stato fatto 67 volte
  • Il punteggio medio è 6 su 15

Statistiche sulle risposte

DomandaRisposta% Corretto
Quanti protoni ha un atomo di Idrogeno?1
93%
Chi diede origine alla Riforma Protestante?Martin Lutero
91%
Cosa è in analisi grammatica il termine "Domani"?Avverbio di tempo
80%
Qual è la prima persona singolare dell'indicativo del verbo "dedurre"?Io deduco
76%
In quale libro Marco Polo narra dei suoi viaggi in estremo Oriente?Il Milione
47%
Quale poeta ha scritto "La cavalla storna"?Giovanni Pascoli
40%
In quale stato si trova Magonza?Germania
38%
In che anno Napoleone Bonaparte divenne Primo Console?1800
36%
Come si conclude il verso dantesco "Fatti non foste a viver come bruti, ma per seguire virtute e ..."?Canoscenza
31%
Quale colonia portoghese è passata alla Cina nel 1999?Macao
27%
Quale catena montuosa attraversa l'Algeria?Catena montuosa dell'Atlante
18%
Qual è la capitale della Florida?Tallahassee
11%
Chi ha diretto il film "Roma città aperta"?Roberto Rossellini
7%
Dove si sono svolte le Olimpiadi invernali del 2002?Salt Lake City
7%
Quale santo fermò Teodosio nel tentativo di entrare in Chiesa?Sant'Ambrogio
2%

Distribuzione punteggi

Percentile per numero di risposta

Percentuale di utenti per punteggio

I tuoi punteggi nel tempo

Non hai fatto questo quiz